Jasper Johns : (Record no. 1198)

MARC details
000 -LEADER
fixed length control field 01787cam a22003737a 4500
005 - DATE AND TIME OF LATEST TRANSACTION
control field 20260322212051.0
008 - FIXED-LENGTH DATA ELEMENTS--GENERAL INFORMATION
fixed length control field data
010 ## - LIBRARY OF CONGRESS CONTROL NUMBER
LC control number 2007933996
020 ## - INTERNATIONAL STANDARD BOOK NUMBER
International Standard Book Number 9780300119497 (cloth)
020 ## - INTERNATIONAL STANDARD BOOK NUMBER
International Standard Book Number 0300119496 (cloth)
020 ## - INTERNATIONAL STANDARD BOOK NUMBER
International Standard Book Number 9780865592247 (pbk.)
020 ## - INTERNATIONAL STANDARD BOOK NUMBER
International Standard Book Number 0865592241 (pbk.)
040 ## - CATALOGING SOURCE
Original cataloging agency ILO
Transcribing agency ILO
Modifying agency DLC
-- BAKER
-- BWX
-- IXA
-- YDXCP
-- BTCTA
-- IAY
-- CDX
-- DLC
042 ## - AUTHENTICATION CODE
Authentication code lccopycat
050 00 - LIBRARY OF CONGRESS CALL NUMBER
Classification number N6537.J6
Item number A4 2007
092 ## - LOCALLY ASSIGNED DEWEY CALL NUMBER (OCLC)
Classification number 759.13 J6 A4 2007
001 - CONTROL NUMBER
control field data
100 1# - MAIN ENTRY--PERSONAL NAME
Personal name Rondeau, James.
245 10 - TITLE STATEMENT
Title Jasper Johns :
Remainder of title gray /
Statement of responsibility, etc. James Rondeau ... [et al.].
246 30 - VARYING FORM OF TITLE
Title proper/short title Gray
250 ## - EDITION STATEMENT
Edition statement 1st ed.
260 ## - PUBLICATION, DISTRIBUTION, ETC.
Place of publication, distribution, etc. New Haven :
Name of publisher, distributor, etc. Yale University Press [distributor],
Place of publication, distribution, etc. New Haven :
Name of publisher, distributor, etc. Yale University Press [distributor],
Date of publication, distribution, etc. c2007.
300 ## - PHYSICAL DESCRIPTION
Extent 320 p. :
Other physical details ill. (some col.) ;
Dimensions 32 cm.
500 ## - GENERAL NOTE
General note Published in conjunction with an exhibition held at the Art Institute of Chicago, Nov. 3, 2007-Jan. 6, 2008 ; and at the Metropolitan Museum of Art, New York, Feb. 5- May 4, 2008.
504 ## - BIBLIOGRAPHY, ETC. NOTE
Bibliography, etc. note Includes bibliographical references (p. 314-317) and index.
505 00 - FORMATTED CONTENTS NOTE
Formatted contents note Jasper Johns : gray / James Rondeau --- Jasper Johns : gray matters / Douglas Druick -- Conditional states : the appearance of gray in Jasper Johns's graphic work / Mark Pascale --Metanoid Johns, John metanoid / Richard Shiff -- Mapping the mind / Barbara Rose -- A conversation with Jasper Johns / Nan Rosenthal -- A shiftling focus : process and detail in Tennyson and Near the lagoon / Kelly Keegan & Kristin Lister.
600 10 - SUBJECT ADDED ENTRY--PERSONAL NAME
Personal name Johns, Jasper,
Dates associated with a name 1930-
Form subdivision Exhibitions.
700 1# - ADDED ENTRY--PERSONAL NAME
Personal name Johns, Jasper,
Dates associated with a name 1930-
700 1# - ADDED ENTRY--PERSONAL NAME
Personal name Druick, Douglas W.
700 1# - ADDED ENTRY--PERSONAL NAME
Personal name Pascale, Mark,
Dates associated with a name 1954-
700 1# - ADDED ENTRY--PERSONAL NAME
Personal name Rosenthal, Nan.
710 2# - ADDED ENTRY--CORPORATE NAME
Corporate name or jurisdiction name as entry element Art Institute of Chicago.
710 2# - ADDED ENTRY--CORPORATE NAME
Corporate name or jurisdiction name as entry element Metropolitan Museum of Art (New York, N.Y.)
Holdings
Withdrawn status Lost status Damaged status Not for loan Home library Current library Shelving location Date acquired Total checkouts Full call number Barcode Date last seen Price effective from Koha item type
        Centerville Centerville General stacks 22/03/2026   N6537.J6 A4 2007 BC0011237 22/03/2026 22/03/2026 Books